Responses for Show #1195 - Friday, November 10, 1989

1989 Tournament of Champions quarterfinal game 5.

Contestants

[<< previous game]

Chris Shea, a radio operator from Los Angeles, California

Rich Lerner, a lawyer from Pago Pago, American Samoa

Cathy Boggs, a freelance writer originally from Appleton, Wisconsin

[next game >>]

Jeopardy! Round responses

QUOTES
CINEMA
LIBRARIES
SCIENCE
CHILDREN'S LITERATURE
2-LETTER WORDS
    $100 6
Greeks

Rich
    $100 1
"Citizen Kane"

Rich
    $100 2
Alexandria

Chris
    $100 14
(Chris: What is a donkey?)

Horse (Mare)

RichChris
    $100 23
The Seven Dwarfs

Rich
    $100 10
Ex

Rich
    $200 3
Tobacco

Chris
    $200 18
"The Empire Strikes Back"

Chris
    $200 5
Thomas Jefferson

Chris
    $200 19
Tailbone

Rich
    $200 27
Rats

Chris
    $200 11
We

Chris
    $300 4
Otto von Bismarck

Rich
    $300 20
"Chariots of Fire"

Rich
    $300 7
The British Museum

Rich
    $300 24
Antifreeze

Chris
    $300 28
Hans Christian Andersen

Cathy
    $300 15
Id

Cathy
    $400 12
(Cathy: What is love?)

Music

Cathy
Triple Stumper
    $400 21
Somerset Maugham

Cathy
    $400 8
Folger Library

Rich
    $400 26
Millibar

Triple Stumper
    $400 29
Rapunzel

Rich
    $400 16
Go

Rich
    $500 13
Cleopatra (of Egypt)

Chris
    $500 22
"We're British"

Cathy
    $500 9
(Cathy: Who is da Vinci?)

Michelangelo

Cathy
Triple Stumper
    $500 25
Pierre Curie

Rich
    $500 30
Lucy Maud Montgomery

Cathy
    $500 17
Io

Cathy

Scores at the first commercial break (after clue 12):

Cathy Rich Chris
-$900 $1,300 $700

Scores at the end of the Jeopardy! Round:

Cathy Rich Chris
$1,600 $3,300 $1,800

Double Jeopardy! Round responses

20TH CENTURY AMERICA
ART
BUSINESS & INDUSTRY
THEATER
THE SOVIET UNION
AUTHORS' MAIDEN NAMES
    $200 1
5

Cathy
    $200 23
Wood Panel

Chris
    $200 3
Publishing

Rich
    $200 27
(R: What is "A Doll House?")

"A Doll's House"

CathyRich
    $200 14
Nicholas II

Chris
    $200 20
Morrow

Rich
    $400 2
The Warren Commission

Rich
    $400 16
(Rich: What is World War I?)

the Civil War

CathyRich
    $400 4
(Chris: What is Borden?)

Carnation

Chris
Triple Stumper
    $400 30
(Rich: What is Mousetrap?)

The Mousetrap

Rich
Triple Stumper
    $400 9
Armenia

Cathy
    $400 21
Ward

Rich
    $600 8
Standard Oil

Chris
    $600 15
(Chris: Who is Van Gogh?)

Pablo Picasso

Chris
Triple Stumper
    $600 5
Teddy Grahams

Triple Stumper
    $600 25
Jets & Sharks

Rich
    $600 10
Leningrad

Cathy
    $600 22
Rogers

Chris
    $1,000 12
The United Nations

Rich
    $800 17
Fauvism/Fauves

Cathy
    $800 6
(Chris: What is Royal Crown Darby?)

Royal Doulton

RichChris
    $800 29
Sam Shepard

Cathy
    $800 11
Georgia

Rich
    $800 24
Roberts

Chris
    $1000 13
Fr. Charles Coughlin

Chris
    $3,000 18
[The Swing was shown.]
(Cathy: Who is Rembrandt?)

Fragonard

Cathy
    $1000 7
Lillian Vernon

Rich
    $1000 28
The Visit

Cathy
    $1000 19
Col. Rudolf Abel

Triple Stumper
    $1000 26
Mapes

Rich

Scores at the end of the Double Jeopardy! Round:

Cathy Rich Chris
$3,000 $8,700 $3,400
(lock game)

Final Jeopardy! Round responses

THE CENSUS
CathyWhat are Delaware + New Jersey?
$3,000
ChrisWhat are Massachusetts + NEW YORK?
$3,400
RichWhat is N.J. + R.I.?
$1,800
(2 of) Connecticut, Massachusetts, New Jersey & Rhode Island

Final scores:

Cathy Rich Chris
$0 $10,500 $0
3rd place: $1,000 if eliminated Automatic semifinalist 2nd place: $1,000 if eliminated

Game dynamics:

Coryat scores:

Cathy Rich Chris
$6,000 $8,500 $3,400
14 R,
3 W
(including 1 DD)
23 R
(including 2 DDs),
3 W
14 R,
4 W

Combined Coryat: $17,900

[game clues] [game scores] [suggest correction]

Game tape date: 1989-10-16
The J! Archive is created by fans, for fans. Scraping, republication, monetization, and malicious use prohibited; this site may use cookies and collect identifying information. See terms. The Jeopardy! game show and all elements thereof, including but not limited to copyright and trademark thereto, are the property of Jeopardy Productions, Inc. and are protected under law. This website is not affiliated with, sponsored by, or operated by Jeopardy Productions, Inc. Join the discussion at JBoard.tv.